[Event "RSA-ch U10"]
[Site "Waterkloof"]
[Date "2015.04.07"]
[Round "5"]
[White "Jacobs, Duan"]
[Black "De Villiers, David Jacobus"]
[Result "1/2-1/2"]
[WhiteElo "1029"]
[BlackElo "916"]
[PlyCount "58"]
[EventDate "2015.04.04"]
[EventType "swiss"]
[EventRounds "9"]
[EventCountry "RSA"]
[SourceTitle "CBM 166 Extra"]
[Source "ChessBase"]
[SourceDate "2015.06.18"]
[SourceVersion "1"]
[SourceVersionDate "2015.06.18"]
[SourceQuality "1"]

1. g3 d5 2. Nf3 Bf5 3. Bg2 Nf6 4. 0-0 e6 5. d3 Be7 6. Nc3 0-0 7. Bf4 Nbd7 8. Nb5 c6 9. Nc7 Rc8 10. Nd2 Rxc7 11. Bxc7 Qxc7 12. Nb3 Qe5 13. Rb1 Bg4 14. Re1 Bb4 15. f4 Qe3+ 16. Kf1 Bxe1 17. Qxe1 e5 18. fxe5 Nxe5 19. Qf2 Qxf2+ 20. Kxf2 Re8 21. Nd2 Ng6 22. Re1 b5 23. b4 Rc8 24. d4 Nd7 25. Nb3 Bf5 26. Rc1 Be4 27. Bh3 Rc7 28. Nc5 Nxc5 29. dxc5 a5 1/2-1/2

[Event "RSA-ch U10"]
[Site "Waterkloof"]
[Date "2015.04.04"]
[Round "1"]
[White "Jacobs, Duan"]
[Black "Oosthuizen, Michal Jacobus"]
[Result "0-1"]
[WhiteElo "1029"]
[BlackElo "1202"]
[PlyCount "24"]
[EventDate "2015.04.04"]
[EventType "swiss"]
[EventRounds "9"]
[EventCountry "RSA"]
[SourceTitle "CBM 166 Extra"]
[Source "ChessBase"]
[SourceDate "2015.06.18"]
[SourceVersion "1"]
[SourceVersionDate "2015.06.18"]
[SourceQuality "1"]

1. b3 d5 2. d4 Bf5 3. Nc3 e6 4. Bb2 Nf6 5. g3 Bb4 6. Bg2 Ne4 7. Nf3 Nxc3 8. Qd2 Nxa2 9. Rxa2 Bxd2+ 10. Nxd2 Bxc2 11. 0-0 Nc6 12. Rc1 Nb4 0-1